Regioni Italiane con il Maggior Numero di Ciascuna Lettera - Statistics

Statistiche generali
  • Questo quiz è stato fatto 79 volte
    77 dall'ultimo reset
  • Il punteggio medio è 16 su 20
Statistiche sulle risposte
Lettera Regione Numero di Lettere % Corretto
B Abruzzo - Basilicata - Calabria - Lombardia - Umbria 1
95%
A Basilicata - Calabria - Campania - Emilia-Romagna - Valle d'Aosta 3
95%
C Basilicata - Calabria - Campania - Marche - Sicilia - Toscana 1
93%
E Friuli-Venezia Giulia - Piemonte - Trentino-Alto Adige - Veneto 2
91%
D Lombardia - Sardegna - Trentino-Alto Adige - Valle d'Aosta 1
88%
F Friuli-Venezia Giulia 1
86%
V Friuli-Venezia Giulia - Valle d'Aosta - Veneto 1
83%
P Campania - Piemonte - Puglia 1
81%
G Emilia-Romagna - Friuli-Venezia Giulia - Liguria - Puglia - Sardegna - Trentino-Alto Adige 1
81%
H Marche 1
81%
I Friuli-Venezia Giulia 5
79%
R Abruzzo - Calabria - Emilia-Romagna - Friuli-Venezia Giulia - Liguria - Lombardia - Marche - Sardegna - Trentino-Alto Adige - Umbria 1
78%
S Basilicata - Molise - Sardegna - Sicilia - Toscana - Valle d'Aosta 1
78%
T Trentino-Alto Adige 3
78%
Z Abruzzo 2
76%
M Emilia-Romagna 2
74%
L Friuli-Venezia Giulia - Valle d'Aosta 2
74%
O Trentino-Alto Adige 2
72%
U Friuli-Venezia Giulia 2
71%
N Trentino-Alto Adige 2
50%
Nessun quiz corrispondente trovato
Distribuzione punteggi
Percentuale di utenti per punteggio
Percentile per numero di risposta
I tuoi punteggi nel tempo
Non hai fatto questo quiz dall'ultimo reset